Phạm Hùng - Người chiến sĩ dạ sắt gan đồng

Nội dung sách gồm những bài viết của các đồng chí lãnh đạo Đảng, Nhà nước và trên một số báo, tạp chí về cuộc đời, sự nghiệp đấu tranh cách mạng của đồng chí Phạm Hùng.

Αποθηκεύτηκε σε:
Λεπτομέρειες βιβλιογραφικής εγγραφής
Μορφή: Βιβλίο
Γλώσσα:Undetermined
Έκδοση: Hà nội Chính Trị Quốc gia - Sự thật 2012
Θέματα:
Ετικέτες: Προσθήκη ετικέτας
Δεν υπάρχουν, Καταχωρήστε ετικέτα πρώτοι!
Thư viện lưu trữ: Trung tâm Học liệu Trường Đại học Cần Thơ
LEADER 00909nam a2200193Ia 4500
001 CTU_227925
008 210402s9999 xx 000 0 und d
082 |a 959.704092 
082 |b Th116 
245 0 |a Phạm Hùng - Người chiến sĩ dạ sắt gan đồng 
245 0 |c Nguyễn Chiến Thắng 
260 |a Hà nội 
260 |b Chính Trị Quốc gia - Sự thật 
260 |c 2012 
520 |a Nội dung sách gồm những bài viết của các đồng chí lãnh đạo Đảng, Nhà nước và trên một số báo, tạp chí về cuộc đời, sự nghiệp đấu tranh cách mạng của đồng chí Phạm Hùng. 
650 |a Phạm Hùng (1912 - 1988),Phạm Hùng (1912- 1988) 
650 |x Tiểu sử,biography 
910 |a Nguyên 
980 |a Trung tâm Học liệu Trường Đại học Cần Thơ